| 000 | 00661nam a2200241Ia 4500 | ||
|---|---|---|---|
| 008 | 160803s9999 xx 000 0 und d | ||
| 020 | _a9780590457156 | ||
| 100 | _aBorden, Louise | ||
| 245 | _aA. Lincoln and me / | ||
| 245 | _cby Louise Borden ; illustrated by Ted Lewin. | ||
| 260 | _aNew York : | ||
| 260 | _bScholastic Inc. | ||
| 260 | _c1999 | ||
| 300 | _a30 unnumbered pages : | ||
| 300 | _bcolor illustrations ; | ||
| 300 | _c28 cm | ||
| 440 | _aReady-to-go classroom library., Grade 2 | ||
| 650 | _aLincoln, Abraham, -- 1809-1865 -- | ||
| 650 | _aSelf-perception -- | ||
| 650 | _xFiction. | ||
| 650 | _xFiction. | ||
| 700 | _a650 | ||
| 999 |
_c299967 _d299967 |
||